Statistics for Extremely Hard General Knowledge #9

Click here to take the quiz!

General Stats

  • This quiz has been taken 692 times
  • The average score is 4 of 20

Answer Stats

HintAnswer% Correct
How many years did Nelson Mandela spend in prison?27
67%
What is the state capital of Tasmania, Australia?Hobart
59%
What is the name of the island visited by Gulliver in the book 'Gulliver's Travels' by Jonathan Swift?Lilliput
51%
In which year was the Human Genome Project completed?2003
38%
Which US President was known as 'Old Hickory'?Andrew Jackson
32%
What is the name of a Latin-American seafood dish where the fish is 'cooked' by the acidity of citrus juices?Ceviche
32%
Which poet wrote 'Ode to a Nightingale'?John Keats
27%
What is the most populous city in Delaware?Wilmington
25%
Which line on the London Underground has the most (60) stations?District
24%
Which Dutch scientist was the first to see single-celled organisms under a microscope?Antoine van Leeuwenhoek
10%
The Preakness Stakes is the shortest race in the US Horse Racing Triple Crown, and is held in which US city?Baltimore
10%
Which artist had 4 UK number ones including 'Mi Choco Latino', 'Lift Me Up, and 'Bag It Up'?Geri Halliwell
7%
In 1958, who became the first British man to win the Formula 1 World Championship?Mike Hawthorn
7%
What is the holy book of Sikhism?Guru Granth Sahib
6%
Which player won the most (11) Stanley Cups?Henri Richard
5%
In 1963, which Italian actor became the first male actor in a foreign language film to be nominated for the Oscar for Best Actor for his role in Divorzio all'italiana (1961)?Marcelo Mastroianni
5%
Who wrote the book 'Girl, Woman, Other' the joint Booker Prize 2019 winner?Bernadine Evaristo
4%
What is the name of a gin cocktail with cherry and pineapple?Singapore Sling
4%
What is the name of the bar in Neighbours?The Waterhole
4%
Which American Chef is the author of the cookery book 'Salt, Fat, Acid, Heat'?Samin Nosrat
3%

Score Distribution

Percentile by Number Answered

Percent of People with Each Score

Your Score History

You have not taken this quiz